000 008400000a22002170004500
001 14860
856 4 0 _a[PTA[]]http://www.sitioindicado.com/imp/si-m-29794613_6388.jpg
020 _a84-943-0273-0
041 0 _aSPA
082 0 4 _aG 616.89156 B7429t
100 1 _aElkaim, Mony
245 1 0 _aLa terapia familiar en transformación / Mony Elkaïm
250 _a1a ed.
260 _aBarcelona : Paidós
300 _a191 pag.
520 _aPRIMERA PARTE: Sistemas terapéuticos y terapeutas, Estabilidad y contexto terapéutico. ¿hacia qué estrategias?, violencia e identidad sexual, tiempo, estructura y conflicto psicótico. SEGUNDA PARTE: seres humanos individuales y fenómenos sociales humanos.
942 _cBK
999 _c43679
_d43679
336 _atexto
_btxt
_2rdacontent
337 _2rdamedia
_asin mediación
_bn
338 _2rdacarrier
_avolumen
_bnc